| 000 | 01107nac a22002651u 4500 | ||
|---|---|---|---|
| 010 | _a 83025046 | ||
| 020 | _a0080279708 (U.S.) : | ||
| 082 | 0 | 0 |
_a303.49 _bFOR |
| 090 |
_c6085 _d6085 |
||
| 100 | _aForti, Augusto [ed.] | ||
| 245 | 0 | 0 |
_aScientific forecasting and human needs : _btrends, methods, and message : proceedings of a symposium held in Tbilisi, USSR, 6-11 December 1981 / _cedited by Augusto Forti. |
| 250 | _a1st ed. | ||
| 260 |
_aParis : _bUNESCO ; _aOxford [Oxfordshire] ; _aNew York : _bPergamon,c.1984. _cc.1984. |
||
| 300 |
_axx, 204 p. : _bill. ; _c24 cm. |
||
| 500 | _aEssays presented at a symposium held in Tbilisi, USSR as part of the Unesco programme on research and human needs. | ||
| 500 | _aDistributer: Al-Ahram. | ||
| 504 | _aIncludes bibliographies and index. | ||
| 511 | _aCatalogued By: Mahitab. | ||
| 650 | 0 |
_aScience _xMethodology _xCongresses. |
|
| 650 | 0 |
_aForecasting _xCongresses. |
|
| 650 | 0 |
_aTechnological forecasting _xCongresses. |
|
| 650 | 0 |
_aSocial service _xCongresses. |
|
| 700 | 1 | _aUnesco. | |
| 942 |
_cBB _k303.49FOR |
||
| 999 |
_c6085 _d6085 |
||